000 00292nam a22001337a 4500
008 170911b xxu||||| |||| 00| 0 eng d
020 _a9780155929753
041 _aeng
080 _22ND
_a53
100 _a43
101 _aFIZ
245 _aUNIVERSITY PHYSICS
_cARFKEN,G.B
942 _2udc
_cBK
999 _c27198
_d27198